<?xml version="1.0" encoding="UTF-8"?>
<marc:record xmlns:marc="http://www.loc.gov/MARC21/slim">
   <marc:leader>00000nam a2200000 a 4500</marc:leader>
   <marc:datafield ind1="1" ind2=" " tag="100">
      <marc:subfield code="a">Leutgeb, Ernestine</marc:subfield>
      <marc:subfield code="4">aut</marc:subfield>
      <marc:subfield code="e">Verfasser/-in</marc:subfield>
   </marc:datafield>
   <marc:datafield ind1="1" ind2=" " tag="100">
      <marc:subfield code="a">Schloffer, Helga</marc:subfield>
      <marc:subfield code="4">aut</marc:subfield>
      <marc:subfield code="e">Verfasser/-in</marc:subfield>
   </marc:datafield>
   <marc:datafield ind1=" " ind2=" " tag="653">
      <marc:subfield code="a">Demenz</marc:subfield>
   </marc:datafield>
   <marc:datafield ind1=" " ind2=" " tag="653">
      <marc:subfield code="a">Prävention</marc:subfield>
   </marc:datafield>
   <marc:datafield ind1=" " ind2=" " tag="653">
      <marc:subfield code="a">Sozialer Kontakt</marc:subfield>
   </marc:datafield>
   <marc:datafield ind1=" " ind2=" " tag="653">
      <marc:subfield code="a">Bewegung</marc:subfield>
   </marc:datafield>
   <marc:datafield ind1=" " ind2=" " tag="653">
      <marc:subfield code="a">Demenzprävention</marc:subfield>
   </marc:datafield>
   <marc:datafield ind1=" " ind2=" " tag="653">
      <marc:subfield code="a">Hirnstoffwechsel</marc:subfield>
   </marc:datafield>
   <marc:datafield ind1=" " ind2=" " tag="653">
      <marc:subfield code="a">Körperliche Aktivität</marc:subfield>
   </marc:datafield>
   <marc:datafield ind1=" " ind2=" " tag="653">
      <marc:subfield code="a">Risikofaktoren</marc:subfield>
   </marc:datafield>
   <marc:datafield ind1=" " ind2=" " tag="653">
      <marc:subfield code="a">Sozialkontakte</marc:subfield>
   </marc:datafield>
   <marc:datafield ind1=" " ind2=" " tag="653">
      <marc:subfield code="a">Vergesslichkeit</marc:subfield>
   </marc:datafield>
   <marc:datafield ind1=" " ind2=" " tag="653">
      <marc:subfield code="a">Softcover / Sachbücher/Lexika</marc:subfield>
   </marc:datafield>
   <marc:datafield ind1=" " ind2=" " tag="653">
      <marc:subfield code="a">Nachschlagewerke</marc:subfield>
   </marc:datafield>
   <marc:datafield ind1="0" ind2="0" tag="245">
      <marc:subfield code="a">Mit Bewegung und Geselligkeit Demenz vorbeugen</marc:subfield>
   </marc:datafield>
   <marc:datafield ind1="0" ind2="0" tag="245">
      <marc:subfield code="b">Wissenswertes über wichtige Schutzfaktoren fürs Gehirn</marc:subfield>
   </marc:datafield>
   <marc:datafield ind1="0" ind2="0" tag="245">
      <marc:subfield code="c">Ernestine Leutgeb, Helga Schloffer</marc:subfield>
   </marc:datafield>
   <marc:datafield ind1=" " ind2="1" tag="264">
      <marc:subfield code="a">Berlin, Germany</marc:subfield>
      <marc:subfield code="b">Springer</marc:subfield>
   </marc:datafield>
   <marc:datafield ind1="1" ind2=" " tag="490">
      <marc:subfield code="a">Sachbuch</marc:subfield>
   </marc:datafield>
   <marc:datafield ind1=" " ind2=" " tag="250">
      <marc:subfield code="a">1. Auflage</marc:subfield>
   </marc:datafield>
   <marc:datafield ind1="1" ind2=" " tag="520">
      <marc:subfield code="a">Angaben aus der Verlagsmeldung

Mit Bewegung und Geselligkeit Demenz vorbeugen : Wissenswertes über wichtige Schutzfaktoren fürs Gehirn / von Ernestine Leutgeb, Helga Schloffer

Demenzprävention ist in aller Munde. Von allen Seiten werden wir heute mit dem Begriff ‚geistige Aktivierung‘ bestürmt. Dabei sehen wir diesen meist viel zu eng und stürzen uns etwa auf das Erlernen einer Fremdsprache oder anderes, was unser Gedächtnis isoliert trainiert. Wir vergessen dabei aber auf das "symphonische" Ganze! Zur „geistigen Aktivierung“ gehört vieles – wie etwa das Koordinieren von Bewegung, die Orientierung im Raum, das Lesen der Mimik eines Mitmenschen. Geistige Aktivierung bedeutet also viel, viel mehr als nur „Gehirnjogging“&amp;Co – und das lebenslang, nicht erst im hohen Alter!

Dieses Sachbuch präsentiert sehr anschaulich Wissen rund um die bereits wissenschaftlich erwiesenen, aber trotzdem noch viel zu wenig beachteten Demenz-Risikofaktoren „Bewegungsmangel“ und „mangelnde Sozialkontakte“. Es zeigt auf, warum unser Gehirn ausreichend körperliche Bewegung und vielfältige Sozialkontakte braucht, um „fit“ zu bleiben, und warum man diese daher als „Schutzfaktoren“ verstehen kann. Denn ausreichend Bewegung und vielfältige Kontakte spielen eine lebenslange Rolle bei der Erhaltung unserer kognitiven Fähigkeiten und Funktionen!

Das Buch richtet sich an alle Leser, die sich nicht passiv dem „Schicksal Demenz“ ergeben, sondern frühzeitig aktiv werden und „miteinander“ und „mobil“ der Demenz die Stirn bieten möchten.

</marc:subfield>
   </marc:datafield>
   <marc:datafield ind1=" " ind2=" " tag="020">
      <marc:subfield code="a">9783662596173</marc:subfield>
      <marc:subfield code="9">9783662596173</marc:subfield>
   </marc:datafield>
   <marc:datafield ind1=" " ind2=" " tag="020">
      <marc:subfield code="a">3662596172</marc:subfield>
      <marc:subfield code="9">3662596172</marc:subfield>
   </marc:datafield>
   <marc:datafield ind1=" " ind2=" " tag="041">
      <marc:subfield code="a">ger</marc:subfield>
   </marc:datafield>
   <marc:datafield ind1=" " ind2=" " tag="300">
      <marc:subfield code="a">X, 150 Seiten</marc:subfield>
   </marc:datafield>
</marc:record>
